Šťastie

Bibliographic Details
Main Author: Royová, Kristína, 1860-1936 (Author)
Corporate Author: Klimeš a Pivko (Printer)
Format: Book
Language:Slovak
PhysicalDescription:[4], 203, [5] s. 16 cm
Published: Nové Mesto Nad Váhom Nákladom Jána Chorváta, Kresť. Kníhkupca 1903
Subjects:

MARC

LEADER 00000nam a2200000 a 4500
001 vtls011760764
003 SK-MaSNL
005 20260301045219.0
008 240318s1903 xo a 0 an0 slo
015 |a SNBHFA1903 
035 |a urn:nbn:sk:snk-am00data 
035 |a urn:nbn:sk:snk-am3hvue 
035 |a 13A25FA1-0F37-4896-8D66-6A167E38A27C 
040 |a SNKHF  |b slo  |c SNK  |e AACR2 
041 0 |a slo 
044 |a xo  |c SK 
072 7 |a 821.162.4  |x Slovenská literatúra  |2 konspekt 
080 |a 821.162.4  |2 2011 
100 1 |a Royová, Kristína,  |d 1860-1936  |4 aut  |9 87520 
245 1 0 |a Šťastie  |c Napísala Kristína Royová 
260 |a Nové Mesto Nad Váhom  |b Nákladom Jána Chorváta, Kresť. Kníhkupca  |c 1903  |e v Lipt. Sv. Mikuláši  |f Kníhtlačiareň Klimeš a Pivko 
300 |a [4], 203, [5] s.  |c 16 cm 
500 |a Ozdobná linka 
504 |a Prednázov 
550 |a Tlačiar uvedený na rube titulného listu 
650 0 7 |a slovenská literatúra  |2 SNKPH  |9 1115 
655 7 |a próza  |2 SNKPH  |9 289704 
700 1 |a Chorvát, Ján,  |d 1869-1941  |4 pbl  |9 161464 
710 0 |a Chorvát, Ján (Nové Mesto nad Váhom, Slovensko)  |4 pbl  |9 309210 
710 2 |a Klimeš a Pivko  |4 prt  |9 213412 
752 |a Slovensko  |d Nové Mesto nad Váhom 
752 |a Slovensko  |d Liptovský Mikuláš 
852 |a SNK  |p SE 170 
958 |a ONDV 
999 |c 597813  |d 599743 
952 |a SNK  |b SNK  |y PREZ  |7 0  |p 17A0731365  |o snkSE 170  |i snk2695/28  |0 0  |1 0  |4 0  |d 2018-06-07  |f 1  |l 0  |r 2026-02-23 15:44:56  |w 2026-02-23 
952 |a SNK  |b SNK  |y PREZ  |7 0  |p 17A1301035  |o snkSE 170 D1  |i snkF 1441/65  |8 5  |z r. 1903  |0 0  |1 0  |4 0  |d 2018-06-07  |l 0  |r 2026-02-23 15:44:56  |w 2026-02-23 
952 |a SNK  |b SNK  |y PREZ  |7 0  |p 17A1301036  |o snkSE 170 D2  |i snkK 2771/77  |8 3  |z r. 1903  |0 0  |1 0  |4 0  |d 2018-06-07  |l 0  |r 2026-02-23 15:44:56  |w 2026-02-23